Development NGOs and labor unions: terms of engagement (Record no. 63501)

MARC details
000 -LEADER
fixed length control field 01140nam a2200253 a 4500
008 - FIXED-LENGTH DATA ELEMENTS--GENERAL INFORMATION
fixed length control field 161031s2005 ||||||||||||||||| || u
010 ## - LIBRARY OF CONGRESS CONTROL NUMBER
LC control number 2005002246
020 ## - INTERNATIONAL STANDARD BOOK NUMBER
International Standard Book Number 1565491963
050 ## - LIBRARY OF CONGRESS CALL NUMBER
Classification number HD 6940.7 Dev
100 ## - MAIN ENTRY--PERSONAL NAME
Personal name Leather, Alan
245 10 - TITLE STATEMENT
Title Development NGOs and labor unions: terms of engagement
Statement of responsibility, etc. Edited by Deborah Eade and Alan Leather.
260 ## - PUBLICATION, DISTRIBUTION, ETC.
Place of publication, distribution, etc. Bloomfield
Name of publisher, distributor, etc. Kumarian Press
Date of publication, distribution, etc. 2005
300 ## - PHYSICAL DESCRIPTION
Extent xxiv, 406p.
500 ## - GENERAL NOTE
General note Includes bibliographical references and index.
650 #0 - SUBJECT ADDED ENTRY--TOPICAL TERM
Topical term or geographic name entry element ECONOMIC DEVELOPMENT
650 #0 - SUBJECT ADDED ENTRY--TOPICAL TERM
Topical term or geographic name entry element Non-governmental organizations - Developing countries
650 #0 - SUBJECT ADDED ENTRY--TOPICAL TERM
Topical term or geographic name entry element Developing countries - Economic conditions
650 #0 - SUBJECT ADDED ENTRY--TOPICAL TERM
Topical term or geographic name entry element Labor unions - Developing countries
700 ## - ADDED ENTRY--PERSONAL NAME
Personal name Eade, Deborah
856 ## - ELECTRONIC LOCATION AND ACCESS
Uniform Resource Identifier http://www.loc.gov/catdir/toc/ecip057/2005002246.html
995 ## -
-- MAIN LIBRARY OPEN ACCESS
-- 747001
-- CBU-MAIN LIBRARY (Kitwe)
-- HD 6940.7 Dev
-- 1
-- AVAILABLE
-- Oct 31, 2016
-- 747001
-- Main Library Open Access Collection
995 ## -
-- MAIN LIBRARY OPEN ACCESS
-- 746951
-- CBU-MAIN LIBRARY (Kitwe)
-- HD 6940.7 Dev
-- 2
-- AVAILABLE
-- Oct 31, 2016
-- 746951
-- Main Library Open Access Collection
999 ## -
-- 63501
-- 63501
Holdings
Withdrawn status Lost status Source of classification or shelving scheme Damaged status Not for loan Permanent Location Current Location Shelving location Date acquired Total Checkouts Full call number Barcode Date last seen Copy number Price effective from Koha item type
          CBU-MAIN LIBRARY, KITWE. CBU-MAIN LIBRARY, KITWE.   12/27/2022   HD 6940.7 Dev 747001 12/27/2022 1 12/27/2022 MONOGRAPH
          CBU-MAIN LIBRARY, KITWE. CBU-MAIN LIBRARY, KITWE.   12/27/2022   HD 6940.7 Dev 746951 12/27/2022 2 12/27/2022 MONOGRAPH